Guess the lyrics (#65) - Statistics

General Stats
  • This quiz has been taken 82 times
  • The average score is 79 of 184
Answer Stats
Answer % Correct
I
97%
the
95%
a
94%
you
92%
an
84%
me
84%
and
81%
And
81%
My
81%
my
81%
to
81%
your
81%
is
79%
When
79%
on
76%
in
75%
She
68%
she
68%
then
67%
not
62%
they
62%
for
59%
will
59%
that
57%
was
57%
could
56%
its
56%
all
54%
from
54%
up
52%
some
51%
were
51%
get
49%
but
43%
just
41%
off
41%
said,
41%
Take
41%
with
41%
eyes
38%
had
38%
head
37%
saw
37%
time,
35%
time
35%
give
33%
more
33%
Oh
33%
oh
33%
kiss
32%
only
32%
gone
27%
these
27%
things
24%
took
24%
woke
24%
find
22%
gave
22%
made
22%
sun
22%
left
21%
shining
21%
Let's
17%
song
17%
tried
16%
really
14%
help
13%
lips
13%
spurs
13%
spurs,
13%
felt
11%
sang
11%
few
10%
walked
10%
feet
8%
pass
8%
wine
8%
angel's
6%
grew
6%
heavy
6%
silver
6%
speak
6%
spring
6%
summer
6%
cherries,
5%
Strawberries,
5%
dime
3%
dollar
3%
reassured
3%
town
3%
unfamiliar
3%
cravin'
2%
jingled
2%
line
2%
size
2%
twice
2%
No matching quizzes found
Score Distribution
Percent of People with Each Score
Percentile by Number Answered
Your Score History
You have not taken this quiz